000 01046cad a22002295a 4500
001 L144294
008 080708s2008 xxkad f s 000 0 eng d
035 _a(Sirsi) u144294
041 0 _aeng
050 0 4 _a333.32 $2 18
110 2 _aColliers Conrad Ritblat Erdman
_94264
245 0 0 _aMidsummer retail report 2008
_h[electronic resource]
260 _aLondon
_Colliers
_c2008
490 0 _aColliers Midsummer Retail Report
_v2008
520 _aReports that the UK retail market is on a razor edge due to the delayed impact of the economic downturn. Forecasts a sharp fall in consumer expenditure leading to very tough market conditions for many retailers and some landlords. Predicts real rents in the high street will fall 15-20% over the next three years.
590 _aKA NTK
650 2 4 _aCOLLIERS MIDSUMMER RETAIL REPORT
651 4 _aUnited Kingdom
_y
690 _aPROPERTY-COMMERCIAL PROPERTY-COMMERCIAL PROPERTY MARKET
856 4 0 _uhttps://www.colliers.com
_zView the report free of charge at www.colliers.com...
942 _n0
999 _c108441
_d108441